| 000 | 00708cab a2200229 4500 | ||
|---|---|---|---|
| 001 | ABS48600 | ||
| 008 | 090401t1993 xxu||||| |||| 00| 0 eng d | ||
| 035 | _a(Sirsi) u67516 | ||
| 041 | _aeng | ||
| 100 | _aAshurst, N. | ||
| 245 | 4 | _aThe cleaning of historic masonry: the current situation | |
| 260 | _c1993 | ||
| 350 | _a0 | ||
| 490 |
_aStructural Survey _v11(4) Spring 1993, 343-353 (11) |
||
| 520 | _aExamines the cleaning of historic masonry from the decision to clean through specification and describes various cleaning methods. References | ||
| 650 | _aHISTORIC BUILDINGS | ||
| 650 | _aMASONRY | ||
| 650 | _aSTONE CLEANING | ||
| 690 | _aCONSERVATION | ||
| 942 | _n0 | ||
| 948 | _c04/03/1997 | ||
| 999 |
_c42242 _d42242 |
||